Quick Pick: 'Word' in Different Languages Quiz Stats

 Plays Quiz Updated Jul 28, 2017

Support Sporcle.
Go Orange.
Score 0/10 Timer 01:00
1 Play Today
% Correct
Russian
86%
Arabic
85%
German
83%
Latin
76.7%
Spanish
72.7%
Japanese
72.2%
Mandarin
69.7%
Pig Latin
68.3%
French
62.8%
Swahili
48%

Today's Daily Dose

You're not logged in!

Compare scores with friends on all Sporcle quizzes.
OR
Log In
Forgot?

From the Vault

Big 4 Worst of the Decade (1970s)

by Hejman

And we thought disco was the worst of the '70s.
Remove Ads.
Support Sporcle.
Get the best of Sporcle when you Go Orange. This ad-free experience offers more features, more stats, and more fun while also helping to support Sporcle. Thank you for becoming a member.

Show Comments

Extras

Top Quizzes Today


Score Distribution

Your Account Isn't Verified!

In order to create a playlist on Sporcle, you need to verify the email address you used during registration. Go to your Sporcle Settings to finish the process.

Report this User

Report this user for behavior that violates our Community Guidelines.

Details: